| Tag |
First Indicator |
Second Indicator |
Subfields |
| LEADER |
00000cam a2200000 a 4500 |
| 001 |
in00000027062 |
| 005 |
20160114100249.0 |
| 008 |
850417s1984 gw b 00100 lat |
| 010 |
|
|
|a 85143865
|
| 020 |
|
|
|a 3775251391
|
| 035 |
|
|
|a (OCoLC)13497884
|
| 040 |
|
|
|a DLC
|c DLC
|d TXA
|d UtOrBLW
|
| 041 |
0 |
|
|a lat
|a ger
|
| 043 |
|
|
|a e------
|
| 050 |
0 |
0 |
|a DD3.M8
|b L43 tomus 3
|a BR735
|
| 082 |
0 |
|
|a 943/.02 s
|a 274.3/03
|2 19
|
| 245 |
0 |
4 |
|a Die Konzilien der karolingischen Teilreiche, 843-859 /
|c herausgegeben von Wilfried Hartmann.
|
| 264 |
|
1 |
|a Hannover :
|b Hahn,
|c 1984.
|
| 300 |
|
|
|a xxx, 652 pages ;
|c 30 cm.
|
| 336 |
|
|
|a text
|b txt
|2 rdacontent
|
| 337 |
|
|
|a unmediated
|b n
|2 rdamedia
|
| 338 |
|
|
|a volume
|b nc
|2 rdacarrier
|
| 490 |
1 |
|
|a Monumenta Germaniae historica. Concilia,
|x 0343-0766 ;
|v tomus 3
|
| 500 |
|
|
|a Title on added title page: Concilia aevi Karolini, DCCCXLIII-DCCCLIX.
|
| 500 |
|
|
|a Texts in Latin with commentary in German.
|
| 504 |
|
|
|a Bibliography: pages [xvii]-xxx.
|
| 500 |
|
|
|a Includes index.
|
| 650 |
|
0 |
|a Councils and synods
|z Europe
|x History
|x Sources.
|
| 651 |
|
0 |
|a Europe
|x Church history
|x Sources.
|
| 700 |
1 |
|
|a Hartmann, Wilfried,
|d 1942-
|
| 740 |
0 |
|
|a Concilia aevi Karolini, DCCCXLIII-DCCCLIX.
|
| 740 |
0 |
|
|a Concilia aevi Karolini, 843-859.
|
| 830 |
|
0 |
|a Monumenta Germaniae historica.
|p Concilia ;
|v tomus 3.
|
| 999 |
f |
f |
|s 783da2a3-2534-3b61-8c32-66e4c0ccdbce
|i 6222e246-f490-3c4d-b1bf-7c66a862d6e0
|t 0
|
| 952 |
f |
f |
|p ric
|a Texas A&M University
|b Rellis Campus
|c Joint Library Facility
|d Remote Storage
|t 0
|e DD3.M8 L43 tomus 3
|h Library of Congress classification
|i unmediated -- volume
|m A14811668143
|
| 998 |
f |
f |
|a DD3.M8 L43 tomus 3
|t 0
|l Remote Storage
|